Minecraft Mobs 1.21 - Statistics

General Stats
  • This quiz has been taken 136 times
    131 since last reset
  • The average score is 40 of 78
Answer Stats
Hint Answer % Correct
P Pig
80%
Z Zombie
80%
C Cow
78%
W Wolf
75%
C Cat
73%
E Enderman
73%
B Blaze
70%
C Chicken
70%
C Creeper
70%
E Ender Dragon
70%
S Spider
70%
V Villager
70%
S Sheep
68%
S Skeleton
68%
A Allay
63%
I Iron Golem
63%
P Piglin
63%
A Armadillo
60%
G Ghast
60%
W Wither
60%
A Axolotl
58%
B Breeze
58%
E Endermite
58%
O Ocelot
58%
P Parrot
58%
P Pillager
58%
W Wither Skeleton
58%
C Cod
55%
D Drowned
55%
E Evoker
55%
B Bogged
53%
C Cave Spider
53%
H Hoglin
53%
H Husk
53%
S Slime
53%
B Bee
50%
H Horse
50%
S Salmon
50%
S Stray
50%
V Vex
50%
B Bat
48%
C Camel
48%
F Fox
48%
G Guardian
48%
L Llama
48%
P Panda
48%
P Piglin Brute
48%
T Tropical Fish
48%
V Vindicator
48%
W Warden
48%
D Donkey
45%
E Elder Guardian
45%
M Magma Cube
45%
M Mule
45%
S Snow Golem
45%
Z Zoglin
45%
D Dolphin
43%
S Shulker
43%
W Witch
43%
G Goat
40%
R Ravager
40%
S Silverfish
40%
S Squid
40%
S Strider
40%
Z Zombie Villager
40%
F Frog
38%
P Phantom
38%
P Polar Bear
38%
P Pufferfish
38%
R Rabbit
38%
S Skeleton Horse
38%
S Sniffer
38%
W Wandering Trader
38%
G Glow Squid
35%
T Turtle
35%
Z Zombified Piglin
35%
M Mooshroom
30%
T Tadpole
23%
No matching quizzes found
Score Distribution
Percent of People with Each Score
Percentile by Number Answered
Your Score History
You have not taken this quiz since the last reset